Understanding one another: (Record no. 1673)

MARC details
000 -LEADER
fixed length control field 007830000a22002530004500
003 - CONTROL NUMBER IDENTIFIER
control field LK-CoMWRAF
005 - DATE AND TIME OF LATEST TRANSACTION
control field 20240611121054.0
008 - FIXED-LENGTH DATA ELEMENTS--GENERAL INFORMATION
fixed length control field 230817t1997 ||||| |||| 00| 0 eng d
020 ## - INTERNATIONAL STANDARD BOOK NUMBER
International Standard Book Number 9556070184
040 ## - CATALOGING SOURCE
Original cataloging agency LK-CoMWRAF
Modifying agency LK-CoMWRAF
Description conventions LK-CoMWRAF
041 ## - LANGUAGE CODE
Language code of text/sound track or separate title English
082 ## - DEWEY DECIMAL CLASSIFICATION NUMBER
Classification number 302.2
Item number WEB
942 ## - ADDED ENTRY ELEMENTS (KOHA)
Koha item type Books
100 ## - MAIN ENTRY--PERSONAL NAME
Personal name Weber, Erika
700 ## - ADDED ENTRY--PERSONAL NAME
Personal name Goonewardene, B.S.
Relator Term translator
700 ## - ADDED ENTRY--PERSONAL NAME
Personal name Pieris, Sita
Relator Term editor
700 ## - ADDED ENTRY--PERSONAL NAME
Personal name Bartoldus, Beate
Relator Term editor
245 ## - TITLE STATEMENT
Title Understanding one another:
Remainder of title methods of improving communication between men and women- a training manual
260 ## - PUBLICATION, DISTRIBUTION, ETC. (IMPRINT)
Place of publication, distribution, etc. Colombo:
Name of publisher, distributor, etc. Friedrich-Ebert-Stiftung,
Date of publication, distribution, etc. 1997
300 ## - PHYSICAL DESCRIPTION
Extent 77 p.
Other physical details Bibliography included
490 ## - SERIES STATEMENT
Series statement FES publication
Volume/sequential designation 26
650 ## - SUBJECT ADDED ENTRY--TOPICAL TERM
Topical term or geographic name as entry element INTERPERSONAL COMMUNICATION
650 ## - SUBJECT ADDED ENTRY--TOPICAL TERM
Topical term or geographic name as entry element Communication gap
Holdings
Withdrawn status Lost status Damaged status Not for loan Permanent Location Current Location Date acquired Full call number Barcode Koha item type
        Resource center, Muslim Women's Research And Action Forum Resource center, Muslim Women's Research And Action Forum 2023-08-17 302.2 WEB RAF4297 Books

Copyright © 2023 Muslim Women's Research and Action Forum (MWRAF), No 27/3, Anderson Road, Kalubowila, Dehiwela. Funded by The Asia Fundation